|
|
|
|
| LEADER |
00000ny a22000003n 4500 |
| 005 |
20160607110431.0 |
| 008 |
041228s2005 sp 001 0 spa d |
| 035 |
|
|
|a 529
|
| 040 |
|
|
|a NoBUC
|d vLex
|
| 080 |
|
|
|a 340.130.5
|
| 090 |
|
|
|c 592
|d 592
|
| 100 |
1 |
|
|a Frg̕ols i Brines, Eliseu
|
| 245 |
1 |
0 |
|a Fundamentos de la sucesin̤ de leyes al derecho penal espaǫl
|h [Recurso electrn̤ico]
|b existencia y aplicabilidad temporal de las normas penales /
|c Eliseu Frg̕ols i Brines
|
| 256 |
|
|
|a Servicio en ln̕ea
|
| 260 |
|
|
|a Barcelona :
|b J.M.Bosch,
|c 2005
|
| 300 |
|
|
|a p. ;
|c cm
|
| 650 |
0 |
7 |
|a Sucesorio
|2 Tesauro vLex
|
| 650 |
0 |
7 |
|a Cd̤igo civil
|2 Tesauro vLex
|
| 650 |
0 |
7 |
|2 Tesauro vLex
|a Derecho penal
|
| 650 |
0 |
7 |
|2 Tesauro vLex
|a Teora̕ general del derecho
|
| 740 |
0 |
|
|a vLex Libros (Servicios en ln̕ea)
|
| 856 |
4 |
0 |
|z Acceso restringido
|u http://vlex.com/source/derecho-tributario-fundamentos-529
|
| 942 |
|
|
|c BOOK
|
| 999 |
0 |
|
|a Barcelona
|b Civil Law
|